Responses for Show #2354 - Thursday, November 24, 1994

1994 Tournament of Champions final game 1.

Contestants

[<< previous game]

David Hillinck, a high school principal from Sacramento, California

Rachael Schwartz, an attorney from Bedminster, New Jersey

Jeff Stewart, a College Tournament winner originally from The Dalles, Oregon

[next game >>]

Jeopardy! Round responses

FIRST LADIES
THE MOVIES
CANADIAN PROVINCES
POTENT POTABLES
SHORT STORIES
WORD ORIGINS
    $100 29
China

David
    $100 19
Chinatown

Jeff
    $100 30
British Columbia

Jeff
    $100 5
Mint Julep

Jeff
    $100 22
Agatha Christie

Rachael
    $100 14
Boutonniere

David
    $200 17
Hillary Clinton

Jeff
    $200 27
James Clavell

David
    $200 24
Saskatchewan

Rachael
    $200 7
Champagne

Jeff
    $200 23
Nathaniel Hawthorne

David
    $200 15
Jiu-Jitsu

Jeff
    $300 10
Lady Bird Johnson

Jeff
    $300 12
Z

Jeff
    $300 2
Prince Edward Island

Jeff
    $300 25
Tequila

Jeff
    $300 11
The Decameron

Jeff
    $300 21
Cymbal

Rachael
    $400 16
(Rachael: Who is Wilson?)

Theodore Roosevelt

RachaelDavid
    $400 26
Edith Head

Rachael
    $600 9
(Jeff: What is Alberta?)

Quebec

Jeff
    $400 18
(Alex: You're missing a treat if you don't get to sample some.)

Chardonnay

Triple Stumper
    $400 1
Somerset Maugham

Triple Stumper
    $400 4
Blasphemy

Rachael
    $500 6
Dolley Madison

Rachael
    $500 3
The Petrified Forest

Triple Stumper
    $500 28
New Brunswick

Jeff
    $500 13
(Jeff: What is abisinthe?)
(Alex: No... we ruled against you because you added a syllable.)

Absinthe

Jeff
Triple Stumper
    $500 8
O. Henry (William Sydney Porter)

Triple Stumper
    $500 20
Samovar

Rachael

Scores at the first commercial break (after clue 12):

Jeff Rachael David
$900 $900 $0

Scores at the end of the Jeopardy! Round:

Jeff Rachael David
$1,800 $2,000 $1,000

Double Jeopardy! Round responses

WORLD HISTORY
ARCHITECTURE
MYTHOLOGY
BODIES OF WATER
ANATOMY
MACBETH
    $200 1
Egypt

David
    $200 28
[The end-of-round signal sounds.]

Gargoyles

Rachael
    $200 9
Medusa

Jeff
    $200 15
Aorta

Jeff
    $400 2
Peter I (Peter the Great)

David
    $400 6
Bauhaus

Rachael
    $400 11
Oedipus

David
    $400 18
(Jeff: What is the Indian?)

Atlantic Ocean

JeffRachael
    $400 26
Ligaments

Rachael
    $400 27
(Rachael: What is a handkerchief?)

Candle

JeffRachael
    $600 3
Punic Wars

Jeff
    $600 19
Bulls eye

Rachael
    $600 12
Charybdis

Jeff
    $600 21
Tagus

Jeff
    $600 24
Vertebrae

Jeff
    $600 8
Dunsinane

Rachael
    $800 7
Matthew Henson

Jeff
    $800 16
I.M. Pei

Rachael
    $800 17
(Rachael: Who is Jason?)

Orpheus

JeffRachael
    $800 23
Coral Sea

David
    $400 4
(Jeff: What is the cholea?)

Cochlea

Jeff
    $800 25
Duncan

Jeff
    $1000 14
Bernardo O'Higgins

Jeff
    $1000 20
(Jeff: Who is Michelangelo?)
...
(Alex: We have about a minute left in the round, Rachael.)

Gianlorenzo Bernini

Jeff
Triple Stumper
    $5 5
Daedalus

Jeff
    $1000 10
Gulf of Tonkin

David
    $1000 22
the pancreas

Rachael
    $1000 13
Malcolm

Jeff

Scores at the end of the Double Jeopardy! Round:

Jeff Rachael David
$7,605 $5,200 $3,800

Final Jeopardy! Round responses

SOUTH AFRICA
(Alex: The Portuguese word for "birth".)
DavidWhat is Natal?
$2,500
RachaelWhat is Natal?
$2,000
JeffWhat is December?
$7,605
Natal

Final scores:

Jeff Rachael David
$0 $7,200 $6,300

Game dynamics:

Coryat scores:

Jeff Rachael David
$9,600 $5,200 $3,800
25 R
(including 1 DD),
5 W
(including 2 DDs)
15 R,
3 W
10 R,
0 W

Combined Coryat: $18,600

[game clues] [game scores] [suggest correction]

Game tape date: 1994-10-12
The J! Archive is created by fans, for fans. Scraping, republication, monetization, and malicious use prohibited; this site may use cookies and collect identifying information. See terms. The Jeopardy! game show and all elements thereof, including but not limited to copyright and trademark thereto, are the property of Jeopardy Productions, Inc. and are protected under law. This website is not affiliated with, sponsored by, or operated by Jeopardy Productions, Inc. Join the discussion at JBoard.tv.